000 01009nam a22002295i 4500
001 53914
003 ES-MaACL
005 20230906162843.0
007 t|
008 960708s1863 sp ||||1| spa d
040 _aCAM
_bspa
_cCAM
080 _a355.48(44)"1557"
080 _a94(44)"1557"
100 1 _aFernández San Román, Federico.
_950063
245 1 0 _aBatalla de San Quintín /
_cescrita y publicada en el periódico militar La Asamblea del Ejercito y Armada por ... Federico Fernández San Román ; ilustrada con tres láminas y curiosos documentos justificativos.
260 _aMadrid :
_b[s.n.],
_c1863 (
_fEstablecimiento tipográfico de Vicente y Lavajos)
300 _a108, [3] p., [3] h. de map. pleg. ;
_c24 cm.
530 _aDisponible también en sitio web.
650 4 _aSan Quintín, Batalla de, 1557.
_9149889
852 _aES-MaACL
_jG-5351
856 _uhttp://bibliotecadigitalhispanica.bne.es:80/webclient/DeliveryManager?pid=1865297&custom_att_2=simple_viewer
_zIr a la página
999 _c53914
_d53914